Demokrat Parti neden çöktü (Record no. 1435)

MARC details
000 -BAŞLIK
Sabit Uzunlukta Kontrol Alanı 00921na a2200277 4500
001 - KONTROL NUMARASI
Denetim Alanı 16210
003 - KONTROL NUMARASI IDENTIFIER
Denetim Alanı MIRAKIL
005 - SON İŞLEM TARİHİ VE ZAMANI
Denetim Alanı 20181213154823.0
008 - SABİT-BOY VERİ ELEMANLARI - GENEL BİLGİLER
Sabit Uzunlukta Kontrol Alanı 161003b tu 000 0
035 ## - SİSTEM KONTROL NUMARASI
Sistem Kontrol Numarası 16210
040 ## - KATALOGLAMA KAYNAK
Orijinal Kataloglama Ajansı Milas
Kataloglama Dili tur
Metne Dönüştürmek Ajansı TR-AnCHP
041 ## - DİL KODU
Metin / Ses Parça Veya Ayrı Başlığın Dil Kodu tur
082 ## - DEWEY ONLU SINIFLANDIRMA NUMARASI
Sınıflandırma Numarası 923.2 Nutku, E.
Ürün Numarası N87d 1979
090 ## - SINIFLAMA NUMARASI
Sınıflama Numarası 923.2 Nutku,E. N87d 1979
100 ## - ANA GİRİŞ - KİŞİSEL İSİM
Kişisel Ad Nutku, Emrullah
Bir Adıyla İlişkilendirilen Tarihler 1901-1980
245 ## - BAŞLIK TABLOSU
Başlık Demokrat Parti neden çöktü
Başlığın Kalan ve politikada yitirdiğim yıllar: 1946-1958
Sorumluluk Tablosu, Vb Emrullah Nutku
246 ## - UNVAN FORM VARYING
Başlık Doğru / Kısa Başlığı Politikada yitirdiğim yıllar 1946-1958
260 ## - YAYIN, DAĞITIM, VB
Yayın, Dağıtım, Vb Yeri İstanbul
Yayıncı, Dağıtıcı, Vs Adı [yayl.y.]
Yayın, Dağıtım, Vb Tarihi 1979
300 ## - FİZİKSEL TANIM
Kapsam viii, 406 s.
Boyutlar 24 sm.
500 ## - GENEL NOT
Genel Not Kitap yazarından imzalıdır.
600 ## - KONU KATMA GİRİŞ - KURUMSAL ADI
Kişisel Ad Nutku, Emrullah
Bir Adıyla İlişkilendirilen Tarihler 1901-1980
Genel Alt Bölümü Siyasal anılar
650 ## - KONU KATMA GİRİŞ - TOPİKAL DÖNEM
Topikal Süreli Veya Coğrafi Ad Giriş Elemanı Türk siyasetçiler
Genel Alt Bölümü Anılar
650 ## - KONU KATMA GİRİŞ - TOPİKAL DÖNEM
Topikal Süreli Veya Coğrafi Ad Giriş Elemanı Demokrat Parti (DP)
Genel Alt Bölümü Tarih ve eleştiri
651 ## - KONU KATMA GİRİŞ - COĞRAFİ ADI
Coğrafi İsim Türkiye
Genel Alt Bölümü Siyasal partiler
Kronolojik Alt Bölümü Demokrat Parti (DP)
942 ## - EKLENDİ GİRİŞ ELEMANLARI (KOHA)
Sınıflandırma Veya Raf Düzeni Kaynak Dewey Decimal Classification
Koha Öğesi Türü Books
999 ## - SİSTEM KONTROL NUMARALARI (KOHA)
Koha Biblionumber 1435
Koha Biblioitemnumber 1435
Holdings
Kalıcı Konum Mevcut Konum Edinme Tarihi Edinim Kaynak Toplam Check-Out'Lar Tam Çağrı Numarası Barkod Tarih Son Görülme İtibaren Geçerli Fiyatlar Koha Öğesi Türü
CHP Kütüphanesi CHP Kütüphanesi 09/30/2016 Bağış   923.2 Nutku,E. N87d 1979 005135 09/30/2016 09/30/2016 Books